000 00535nam a2200181Ia 4500
999 _c10087
_d10087
003 OSt
005 20191231151201.0
008 190216s9999||||xx |||||||||||||| ||und||
020 _a8185618259
040 _coclc
082 _a330.0922
_bSZE/E
100 _a Szenberg, Michael
_9996
245 0 _aEminent Economists Thier Life Philosophies /
_cMichael Szenberg
260 _bCambridge Uty Press,
_c1992.
_aUK:
300 _a304 p
650 _aEconomics
942 _cBK
_2ddc
_h330.0922
_iSZE/E
_k330.0922
_mSZE/E